Φορτώνει......

പത്മരാജന്റെ കഥകള്‍ സമ്പൂര്‍ണ്ണം

Λεπτομέρειες βιβλιογραφικής εγγραφής
Κύριοι συγγραφείς: പി. പത്മരാജന്‍, P.Padmarajan
Μορφή: Printed Book
Έκδοση: kottayam; D.C.Books; 2010
Έκδοση:1st
Θέματα:
LEADER 00865nam a22001937a 4500
020 |a 978-81-264-2596-9 
082 |a 894.M301  |b PAD/P Q0 
100 |a പി. പത്മരാജന്‍;  |9 42124 
100 |a P.Padmarajan  |9 38803 
240 |a Padmarajnte kathakal sampoornam 
245 |a  പത്മരാജന്റെ കഥകള്‍ സമ്പൂര്‍ണ്ണം 
250 |a 1st 
260 |a kottayam;  |b D.C.Books;  |c 2010 
300 |a 651p. 
650 |a മലയാളം; മലയാളം സാഹിത്യം; മലയാളം ചെറുകഥകള്‍  |9 42125 
650 |a Malayalam Literature; Malayalam Short Stories  |9 42126 
942 |c BK 
999 |c 38697  |d 38697 
952 |0 0  |1 0  |4 0  |6 894_000000000000000_M301_PAD_P_Q1  |7 0  |8 STO  |9 43685  |a MAL  |b MAL  |d 2015-06-23  |e 51347  |g 275.00  |l 0  |o 894.M301 PAD/P Q1  |p MAL051347  |r 2015-06-23  |t 1  |w 2015-06-23  |y BK